| 000 | 00389nam a2200157Ia 4500 | ||
|---|---|---|---|
| 008 | 230312s9999||||xx |||||||||||||| ||und|| | ||
| 020 | _a81-89836-96-2 | ||
| 082 |
_a611 _bSNE-C |
||
| 100 | _aSnell,Richard.S | ||
| 245 | 0 | _aClinical Anatomy by Regions | |
| 260 |
_bLippincott William &Wilkins _aIndia _c2008 |
||
| 300 | _a926 | ||
| 546 | _aEng. | ||
| 650 |
_aMedical _vAnatomy |
||
| 942 | _cBK | ||
| 999 |
_c5144 _d5144 |
||